| 000 | 009440000a22002890004500 | ||
|---|---|---|---|
| 003 | EG-GiCUC | ||
| 008 | 700126s1970 njua b 001 0 eng | ||
| 020 | _a069107528X | ||
| 040 |
_aEG-GiCUC _beng _cEG-GiCUC |
||
| 050 | 0 | 0 |
_aHM281 _b.G82 |
| 082 | 0 | 0 | _a301.2/4 |
| 092 | 0 | 4 |
_a303.64 _bG9815 _221 |
| 099 |
_a04 _a303.64 G9815 |
||
| 100 | 1 |
_aGurr, Ted Robert, _d1936- |
|
| 245 | 1 | 0 | _aWhy men rebel. |
| 260 |
_aPrinceton, N.J., _bPublished for the Center of International Studies, Princeton University [by] Princeton University Press, _c1970. |
||
| 300 |
_axi, 421 p. _billus. _c25 cm. |
||
| 504 | _aBibliography: p. 369-407. | ||
| 650 | 0 | _aRevolutions. | |
| 650 | 0 | _aViolence. | |
| 710 | 2 |
_aWoodrow Wilson School of Public and International Affairs. _bCenter of International Studies. |
|
| 902 | _a1 | ||
| 905 |
_aEman _eRev. |
||
| 905 |
_aJamal _eCat. |
||
| 942 |
_2ddc _cBK |
||
| 999 |
_c113523 _d113523 |
||